[Event "Hamilton The Bermuda Longtail"]
[Site "Hamilton"]
[Date "2018.04.10"]
[Round "6"]
[White "Dacres, Don"]
[Black "Walrond, Niccolo"]
[Result "1-0"]
[WhiteElo "1767"]
[BlackElo "1167"]
[PlyCount "101"]
[EventDate "2018.03.13"]
[EventType "swiss"]
[EventRounds "6"]
[EventCountry "BER"]
[SourceTitle "EXT 2024"]
[Source "ChessBase"]
[SourceDate "2023.10.10"]
[SourceVersion "1"]
[SourceVersionDate "2023.10.10"]
[SourceQuality "1"]

1. e4 Nf6 2. Nc3 d5 3. exd5 Nxd5 4. Bc4 Nxc3 5. Qf3 e6 6. Qxc3 Nc6 7. Nf3 Bd7 8. 0-0 Qf6 9. Qb3 0-0-0 10. Qe3 Kb8 11. d4 Na5 12. Bd3 Bc6 13. Qe1 Bxf3 14. Qxa5 Rd5 15. Qd2 Bh5 16. c3 Bg6 17. Bc4 Rh5 18. g4 Rh4 19. Be2 a6 20. Qg5 h6 21. Qxf6 gxf6 22. Kg2 Bd6 23. Rh1 f5 24. gxf5 exf5 25. f3 Rg8 26. Kf2 Rxh2+ 27. Rxh2 Bxh2 28. Bxh6 Bd6 29. Bd3 Bf8 30. Bxf8 Rxf8 31. Re1 Kc8 32. a3 Rg8 33. Rg1 Bh7 34. Rxg8+ Bxg8 35. Bxf5+ Kd8 36. Ke3 Ke7 37. Be4 b6 38. Bd5 Kf8 39. Ke4 Kg7 40. f4 f5+ 41. Ke5 Bxd5 42. Kxd5 Kf7 43. Ke5 Kg6 44. Ke6 Kg7 45. Kxf5 Kf7 46. Ke5 b5 47. b4 Ke7 48. Kd5 Kd7 49. f5 Ke7 50. f6+ Kxf6 51. Kc6 1-0